| 000 | 03588nam a2200325 a 4500 | ||
|---|---|---|---|
| 003 | OSt | ||
| 005 | 20240909103938.0 | ||
| 007 | cr ||||||a|c|a | ||
| 008 | 240906s2024 mx a|||fom||| 001 0 spa d | ||
| 040 | _erda | ||
| 100 | 1 |
_aRodríguez Rojas, Elizabeth Jaret _9189552 |
|
| 245 | 1 | 0 |
_aNíquel en el crecimiento, rendimiento y calidad de plantas de fresa (Fragaria x ananassa Duch.) CV, Albión / _cpor Elizabeth Jaret Rodríguez Rojas; director de tesis Sara Monzerrat Ramírez Olvera; secretario Claudio Arturo Pérez Mercado; vocal Gustavo Mena Nevárez; suplente José Manuel Pineda Rios; suplente Oscar Morales Galván. |
| 264 | 1 |
_aChapingo, México : _bEl autor, _c2024. |
|
| 300 |
_a1 recurso en línea ( 50 páginas). _bcuadros, figuras. |
||
| 336 |
_2rdacontent _atexto _btxt |
||
| 337 |
_2rdamedia _acomputadora _bc |
||
| 338 |
_2rdacarrier _arecurso en línea _bcr |
||
| 502 | _cUniversidad Autónoma Chapingo. | ||
| 504 | _aIncluye referencias bibliográficas: páginas 34-40. | ||
| 520 | _aLa fresa (Fragaria × ananassa Duch.), es altamente consumida destacando por su sabor, olor y color, además de poseer una serie de beneficios para la salud. Es un cultivo de importancia económica, que compite en el mercado mundial. Actualmente México cuenta con las condiciones favorables para su explotación en la industria, por lo que se requiere aprovechar este potencial e incluir elementos que impulsen y eficienticen la producción. El níquel (Ni) es un elemento esencial que participa en el metabolismo vegetal. Sus efectos dependen de las dosis, fuente, especie, periodo y forma de aplicación. El objetivo de la presente investigación fue evaluar el efecto de Ni a dosis crecientes vía foliar, en el crecimiento, rendimiento y calidad de fresa cv. Albión. Se establecieron plantas de fresa de 40 días de edad en bolsas de polietileno negras con tezontle, y la nutrición de plantas fue a base de solución Steiner. A los 21 días de aclimatación se inició la aplicación de tratamientos que consistieron en 0, 25, 50 y 75 μM Ni los cuales fueron aplicados cada 7 días durante 28 días. A los 7 días después de inicio de tratamientos (ddit), y en periodos de 7 días se registraron las variables de altura y número de hojas. Se contabilizo el número acumulado de flores y frutos. Así como, el diámetro polar y ecuatorial, firmeza, peso y solidos solubles totales (° Brix) de frutos. Después, se retiraron las plantas del sustrato y se midieron las variables de volumen y longitud de raíz, diámetro de corona del tallo y biomasa fresca y seca de parte aérea, raíz y estolones. La aplicación de níquel incremento el porcentaje de plantas con estolones y del número de estolones por planta, biomasa fresca aérea, peso fresco de frutos, diámetro polar de fruto. Mientras que disminuyo el porcentaje de plantas con flores, volumen de raíz, biomasa fresca de raíz, biomasa seca de parte aérea y raíz, peso seco relativo de estolones por planta, firmeza y sólidos solubles totales. | ||
| 650 | 4 |
_aNiquel _xEfecto en fresa _9189553 |
|
| 650 | 4 |
_aFresa _xCrecimiento _943197 |
|
| 700 | 1 |
_aRamírez Olvera, Sara Monzerrat _9128668 _eDirector de tesis. |
|
| 700 | 1 |
_aPérez Mercado, Claudio Arturo _9189067 _eSecretario. |
|
| 700 | 1 |
_aMena Nevárez, Gustavo _974533 _eVocal. |
|
| 700 | 1 |
_aPineda Rios, José Manuel _988174 _eSuplente. |
|
| 700 | 1 |
_aMorales Galván, Oscar _978271 _eSuplente. |
|
| 856 |
_uhttp://10.13.5.2/tesis/tl/1612134-3_RODRIGUEZ_ROJAS_ELIZABETH.pdf _zDESCARGAR PDF |
||
| 942 |
_2Clasificación Universidad Autónoma Chapingo _cTD |
||
| 999 |
_c220147 _d220147 |
||